Verpixelte Filmplakate 2 - Statistiken

Allgemein
  • Dieses Quiz wurde 2.339 mal gespielt
    2.284 seit der letzten Aktualisierung
  • Das Durchschnittsergebnis liegt bei 14 aus 16
Antwortstatistiken
Bildquiz Antwort % Korrekt
Spider-Man
97%
Avatar – Aufbruch nach Pandora
96%
Die Eiskönigin – Völlig unverfroren (Frozen)
96%
Die Monster AG
96%
Toy Story
96%
Der König der Löwen
93%
Ghostbusters – Die Geisterjäger
93%
Fluch der Karibik
91%
Oben
90%
Die Unglaublichen – The Incredibles
86%
Der Hobbit: Eine unerwartete Reise
84%
Dune
82%
Ich – Einfach unverbesserlich
82%
James Bond 007: Skyfall
81%
The Dark Knight
65%
Black Panther
44%
Keine übereinstimmenden Quizze gefunden
Verteilung der Resultate
Anzahl Personen mit jedem Resultat
Perzentil nach korrekt beantworteten Fragen
Ihre Resultats-Entwicklung
Sie haben dieses Quiz seit der letzten Aktualisierung nicht gespielt